00691nam a2200241 a 4500001001300000003000900013005001700022008004100039020000800080082001600088100002400104245003500128260002900163300001000192500003500202505001400237650002000251700002400271902000800295942000700303952012400310999001500434nice12345678IN_TiNIC20260116011459.0050524s1934 luca grp 000 0 eng  ac000a297.82bHUS aHusain, A F Badshah aIslam in the Light of Shiaism. aLucknowbBarabankic1934 a122p. aincludes index and biblioraphy2 areference aShiah-Doctrines1 aHusain, A F Badshah bSRS cBK 001040708StackRoom-aHMIbHMId2005-05-24g0.00l2o297.82 HUSp01215r2019-06-25s2019-06-17v0.00w2005-05-24yBK c1904d1904